00350pab a2200133 454500008004000000100002200040245004000062260000900102300001300111362001000124650002800134650002000162773003400182180718b2006 xxu||||| |||| 00| 0 eng d aKulkarni, Manu N. aChild survival programmes revisited c2006 ap.28-30. a7 Jan aChild mortality - India aChild mortality aEconomic and Political Weekly